000
00296 a2200121 4500
000
nam a22 7a 4500
005
20260206100315.0
020
_a
9788197829819
100
_a
Kailash Banvasi
_9
1114029
245
_a
Thugs of Hindustan
260
_b
Nayee Kitab Prakashan
_c
2025
942
_c
TEXL
999
_c
1678734
_d
1678734